Generative Social Science : Studies in Agent-Based Computational Modeling
Na minha lista:
| Autor principal: | |
|---|---|
| Formato: | Livro |
| Idioma: | inglês |
| Publicado em: |
New Jersey :
Princenton University Press,
2006
|
| Assuntos: | |
| Tags: |
Sem tags, seja o primeiro a adicionar uma tag!
|
MARC
| LEADER | 00000nam a22000003a 4500 | ||
|---|---|---|---|
| 001 | stu145558 | ||
| 005 | 20150617225950.5 | ||
| 008 | 070918s2006----xxu-----------------eng-d | ||
| 020 | |a 0-691-12547-3 | ||
| 040 | |a STU |b slo | ||
| 041 | 0 | |a eng | |
| 044 | |a xxu | ||
| 100 | 1 | |a Epstein, Joshua M. |4 aut | |
| 245 | 1 | |a Generative Social Science : |b Studies in Agent-Based Computational Modeling | |
| 260 | |a New Jersey : |b Princenton University Press, |c 2006 | ||
| 300 | |a 356 s | ||
| 650 | 7 | |a multiagentové systémy |2 stusub | |
| 650 | 7 | |a sociálne modelovanie |2 stusub | |
| 996 | |c I*14KS5834 |l I |s A |a 24 |w stu145558_0001 | ||